000
00333nam a22001457a 4500
008
210528b ||||| |||| 00| 0 eng d
020
_a
9780073305400
041
_a
eng
080
_2
6th
_a
579
082
_a
579
100
_a
11
101
_a
MIK
245
_a
Foundations in Microbiology
_c
Kathleen Park Talaro
942
_2
udc
_c
BK
999
_c
57802
_d
57802